00660nam a2200169Ia 450000500170000000800410001702000180005808200200007610000210009624500330011726000290015050001600017965000100033994200120034999900190036195201100038020250728154343.0250728s9999 xx 000 0 und d a9781402761843 a951.050922bCHE aChen, Yuan-tsung 0aReturn to the Middle Kingdom bUnion Square Musicc2008 aThe author chronicles three generations of her late husband's family, all of who fought against the injustices they encountered in their homeland of China. aChina cENGLISH c577792d577792 00104070aACLbACLc7Bd2025-07-28l0o951.050922 CHEp481914r2025-07-28 15:43:43w2025-07-28yENGLISH